| 000 | 01261cab a2200253 4500 | ||
|---|---|---|---|
| 001 | ABS67647 | ||
| 008 | 040316n2004 000 0 eng u | ||
| 035 | _a(Sirsi) u125435 | ||
| 100 | _aLotbiniere, N. | ||
| 245 | _aLate night leisure developments under pressure | ||
| 260 | _c2004 | ||
| 490 |
_aProperty Forecast _v7 (2) February 2004, 8-10 (3) |
||
| 520 | _aStates that there is now growing evidence that local authorities are being put under pressure by local residents to the growing number of leisure establishments, particularly late night ones. Discusses the opportunities for night time leisure development against this increasingly difficult planning and licensing regime with advice on how to spot opportunities through the planning process in order to maximise the chance of planning consent. Also cites the example of a large number of successful appeals in favour of late night establishments in the City of Westminster, and Kensington and Chelsea. | ||
| 590 | _aABS | ||
| 650 | _aNIGHT CLUBS | ||
| 650 | _aLOCAL AUTHORITIES | ||
| 650 | _aKENSINGTON AND CHELSEA | ||
| 650 | _aWESTMINSTER CITY COUNCIL | ||
| 650 | _aLEISURE DEVELOPMENTS | ||
| 650 | _aUDPS | ||
| 650 | _aPLANNING | ||
| 690 | _aLEISURE AND RECREATION | ||
| 942 | _n0 | ||
| 999 |
_c74272 _d74272 |
||